Famous Russians by Picture Quiz Stats

Quiz Updated Aug 10, 2016

Also try: Famous Spaniards
Challenge
Share
Tweet
Score 0/16 Timer 05:00
1 Play Today
% Correct
Vladimir Putin
98.7%
Vladimir Lenin
90.8%
Mikhail Gorbachev
85.4%
Grigori Rasputin
81.6%
Catherine II
71.9%
Maria Sharapova
70.3%
Yuri Gagarin
68%
Ivan the Terrible
61.3%
% Correct
Nicholas II
57.1%
Leo Tolstoy
55.7%
Leon Trotsky
52.2%
Leonid Brezhnev
47%
Anna Kournikova
46.7%
Dmitry Medvedev
31.8%
Fyodor Dostoyevsky
31.1%
Regina Spektor
11.4%

You're not logged in!

Compare scores with friends on all Sporcle quizzes.
Sign Up with Email
OR
Log In

You Might Also Like...

Show Comments

Extras

Top Quizzes Today


Score Distribution

Your Account Isn't Verified!

In order to create a playlist on Sporcle, you need to verify the email address you used during registration. Go to your Sporcle Settings to finish the process.